Aportaciones al psicoanálisis de niños /
Obra que reune algunos textos y conferencias de Arminda Aberastury en los que expone sus estudios sobre el psicoanálisis infantil. Su aproximación al psicoanálisis viene de las ideas postuladas por Melanie Klein, y expone tanto sus propuestas teóricas, como casos prácticos del abordaje psicoanalític...
में बचाया:
| मुख्य लेखक: | |
|---|---|
| स्वरूप: | पुस्तक |
| भाषा: | स्पेनिश |
| प्रकाशित: |
Buenos Aires, Argentina :
Paidós,
1973, c1973
|
| संस्करण: | 3a edición |
| श्रृंखला: | (Biblioteca de Psicología Profunda ;
31) |
| विषय: | |
| टैग: |
कोई टैग नहीं, इस रिकॉर्ड को टैग करने वाले पहले व्यक्ति बनें!
|
MARC
| LEADER | 00000nam^a2200000^a^4500 | ||
|---|---|---|---|
| 001 | 000616311 | ||
| 005 | 20250626000000.0 | ||
| 009 | 20260310133718.367 | ||
| 037 | |a Acervo ITESO - Biblioteca | ||
| 041 | |a ESP | ||
| 082 | |a 150. 1957 |b ABE | ||
| 100 | |a Aberastury, Arminda |e (autor) | ||
| 245 | 1 | 0 | |a Aportaciones al psicoanálisis de niños / |c A. Aberastury. |
| 250 | |a 3a edición | ||
| 264 | 4 | |a Buenos Aires, Argentina : |b Paidós, |c 1973, c1973 | |
| 300 | |a 210 p. | ||
| 336 | |a texto |b txt |2 rdacontenido | ||
| 337 | |a sin mediación |b n |2 rdamedio | ||
| 338 | |a volumen |b nc |2 rdasoporte | ||
| 440 | 1 | |a (Biblioteca de Psicología Profunda ; |v 31) | |
| 520 | |a Obra que reune algunos textos y conferencias de Arminda Aberastury en los que expone sus estudios sobre el psicoanálisis infantil. Su aproximación al psicoanálisis viene de las ideas postuladas por Melanie Klein, y expone tanto sus propuestas teóricas, como casos prácticos del abordaje psicoanalítico a niños. | ||
| 649 | |a XX | ||
| 650 | |a Niños - |x Condiciones Psicológicas - |x Tema Principal | ||
| 650 | |a Psicopatología | ||
| 650 | |a Psicoterapia Psicoanalítica | ||
| 650 | |a Psicoanálisis | ||
| 650 | |a Psicología Clínica | ||
| 650 | |a Psicoterapia | ||
| 910 | |a Fondo Castillo-Martínez | ||
| 920 | |a Impresos - Libros | ||
| 930 | |a Fondos Especiales | ||
| 905 | |a 127 | ||
| 901 | |a 616311-10 |b IT2 |c ESP |i D129770 |u 20250626 | ||
| 902 | |a https://opac.biblio.iteso.mx/vufind/Record/000616311 | ||